[Event "ZMD Open"]
[Site "Dresden GER"]
[Date "2008.07.25"]
[Round "7"]
[White "Markowski,T"]
[Black "Bobras,P"]
[Result "1/2-1/2"]
[WhiteElo "2606"]
[BlackElo "2561"]

1.g3 d5 2.Nf3 c6 3.Bg2 Nf6 4.O-O Bg4 5.d3 Nbd7 6.h3 Bxf3 7.Bxf3 e6 8.Nd2 Bd6
9.e4 Qb6 10.a4 a5 11.exd5 cxd5 12.Kg2 O-O 13.Nb3 d4 14.Kg1 Rfc8 15.Re1 Rc7
16.Bd2 Bb4 17.Re2 Rac8 18.Bf4 e5 19.Bxe5 Nxe5 20.Rxe5 Qd6 21.Re2 b6 22.Kg2 h5
23.h4 g6 24.Nd2 Bxd2 25.Qxd2 Qb4 26.Qc1 Kg7 27.Ra3 Nd7 28.Qf4 Rxc2 29.Rxc2 Rxc2
30.Bd5 Nf6 31.Rb3 Nxd5 32.Qe5+ f6 33.Qxd5 Qe1 34.Qb7+ Kh6 35.Qf3 Rc1 36.Kh3 Qe6+
37.Kg2 Qxb3 38.Qf4+ Kg7 39.Qxc1 Qxd3 40.Qc7+ Kh6  1/2-1/2

[Event "Politiken Cup"]
[Site "Helsingor DEN"]
[Date "2008.07.25"]
[Round "8"]
[White "Iljushin,A"]
[Black "Vul,A"]
[Result "1-0"]
[WhiteElo "2546"]
[BlackElo "2332"]

1.Nf3 d5 2.g3 Nf6 3.Bg2 e6 4.O-O Be7 5.d3 c5 6.Nbd2 Nc6 7.e4 b6 8.Re1 Bb7
9.e5 Nd7 10.Nf1 Qc7 11.c3 Ncxe5 12.Nxe5 Nxe5 13.Bf4 Bd6 14.Bxe5 Bxe5 15.Qh5 Bf6
16.Rxe6+ Kd8 17.Rxf6 gxf6 18.Bxd5 Re8 19.Bxb7 Qxb7 20.d4 Rc8 21.Rd1 c4 22.Ne3 Rc7
23.d5 Rce7 24.Qxh7 b5 25.Qh6 Qb6 26.d6 Re6 27.d7 Rg8 28.Qh7 Rf8 29.Qg7 Qc5
30.Rd5 Qe7 31.Rxb5 Rxe3 32.Qxf8+ Qxf8 33.Rb8+ Kxd7 34.Rxf8 Re1+ 35.Kg2 Ke7
36.Ra8  1-0

[Event "19th Czech Jihlavanka B Open"]
[Site "Pardubice CZE"]
[Date "2008.07.25"]
[Round "8"]
[White "Tolstikh,N"]
[Black "Grigoriev,Sem"]
[Result "1-0"]
[WhiteElo "2381"]
[BlackElo "2177"]

1.Nf3 d5 2.g3 Nf6 3.Bg2 c6 4.O-O Bf5 5.d3 Nbd7 6.Nbd2 e5 7.Re1 Bc5 8.e4 dxe4
9.dxe4 Be6 10.h3 h6 11.Qe2 b5 12.b3 O-O 13.Bb2 Qc7 14.a3 a6 15.b4 Bd6 16.c4 c5
17.Rec1 cxb4 18.c5 Be7 19.axb4 Rfd8 20.Ra5 Ra7 21.Raa1 Ne8 22.c6 Nb6 23.Bxe5 Bd6
24.Bc3 Bc4 25.Nxc4 Nxc4 26.e5 Be7 27.Nd2 Nb6 28.Rab1 Nd5 29.Bxd5 Rxd5 30.Qe4 Qd8
31.Nb3 Nc7 32.Bd4 Ra8 33.Bb6 Rc8 34.Nd4 Bf8 35.Kg2 g6 36.f4 f5 37.Qe3 Rb8
38.Bxc7 Qxc7 39.Qb3 Rd8 40.Ne6 Rd2+ 41.Kh1 Rd1+ 42.Rxd1 Qxc6+ 43.Kh2  1-0

[Event "34th Open"]
[Site "Sitges ESP"]
[Date "2008.07.25"]
[Round "4"]
[White "Movsziszian,K"]
[Black "Granados Gomez,M"]
[Result "1-0"]
[WhiteElo "2560"]
[BlackElo "2407"]

1.Nf3 d5 2.g3 c6 3.Bg2 Bg4 4.c4 e6 5.b3 Nd7 6.Bb2 Ngf6 7.O-O Be7 8.d3 O-O
9.Na3 Re8 10.Nc2 Bf8 11.a3 e5 12.cxd5 cxd5 13.Ne3 Bh5 14.b4 e4 15.dxe4 dxe4
16.Nd4 a5 17.b5 a4 18.h3 Nb6 19.Qb1 Nfd5 20.Nxd5 Qxd5 21.Rd1 Rad8 22.Bc3 Bc5
23.g4 Qc4 24.Qb2 Nd5 25.Ba5 Nf4 26.Rac1 Rxd4 27.Rxc4 Rxd1+ 28.Bf1 Bd6 29.Bd2 Nxh3+
30.Kg2 Bxg4 31.Qc2 Ra1 32.Rxe4 Be6 33.f3 h6 34.Qd3 Bxa3 35.Bc3 Rc1 36.Bxg7 Kxg7
37.Qxa3 Rd1 38.Qxa4 Rb1 39.Qd4+ Kf8 40.Qh8+ Ke7 41.Rxe6+  1-0

[Event "19th Czech Chladek & Tintera A Open"]
[Site "Pardubice CZE"]
[Date "2008.07.26"]
[Round "9"]
[White "Freisler,P"]
[Black "Smith,Ax"]
[Result "0-1"]
[WhiteElo "2308"]
[BlackElo "2427"]

1.Nf3 d5 2.g3 Bg4 3.Bg2 Nd7 4.c4 e6 5.cxd5 exd5 6.Qb3 Nc5 7.Qc2 Nf6 8.O-O Be7
9.b4 Ncd7 10.a3 O-O 11.Bb2 c6 12.d3 a5 13.bxa5 Rxa5 14.Nbd2 Qa8 15.a4 Nb6
16.Bc3 Rxa4 17.Qb3 Nfd7 18.Ne5 Nxe5 19.Bxe5 Bb4 20.Nf3 Re8 21.Qb2 f6 22.Bc7 Nd7
23.e4 Ba3 24.Qc3 dxe4 25.dxe4 Kh8 26.e5 Bxf3 27.Bxf3 Nxe5 28.Bxe5 fxe5 29.Rfd1 Bf8
30.Rxa4 Qxa4 31.Rd7 Qb4 32.Qd3 e4 33.Qe2 exf3 34.Qxf3 Qe1+ 35.Kg2 Qe4 36.Qxe4 Rxe4
37.Rxb7 Kg8 38.Rc7 c5  0-1

[Event "2nd Dragana Vjestice Mem"]
[Site "Banja Luka BIH"]
[Date "2008.07.27"]
[Round "6"]
[White "Narancic,V"]
[Black "Popovic,Zo1"]
[Result "0-1"]
[WhiteElo "2362"]
[BlackElo "2348"]

1.Nf3 d5 2.g3 g6 3.Bg2 Bg7 4.d3 c5 5.c3 Nc6 6.O-O e5 7.Nbd2 Nge7 8.e4 O-O
9.Re1 h6 10.a3 Be6 11.b4 d4 12.cxd4 cxd4 13.Nb3 b6 14.b5 Na5 15.Nxa5 bxa5
16.Rb1 a6 17.bxa6 Rxa6 18.Rb5 Qc7 19.Bd2 a4 20.Qb1 Bb3 21.Bb4 Qd7 22.Rc5 Nc6
23.Rd5 Bxd5 24.Bxf8 Bb3 25.Bxg7 Kxg7 26.Rc1 Qd6 27.Qb2 Na5 28.Rc8 Nc6 29.Bh3 Ra5
30.Nd2 Rc5 31.Nxb3 Rb5 32.Bg4 axb3 33.Bd1 Qd7 34.Ra8 Qb7 35.Ra4 Na5 36.f4 f6
37.fxe5 fxe5 38.Bg4 Qc7 39.Rxa5 Qxa5 40.Be6 Qc3 41.Qf2 Qc1+ 42.Kg2 Qc2  0-1

[Event "Politiken Cup"]
[Site "Helsingor DEN"]
[Date "2008.07.27"]
[Round "10"]
[White "Roiz,M"]
[Black "Kuzubov,Y"]
[Result "1/2-1/2"]
[WhiteElo "2680"]
[BlackElo "2578"]

1.Nf3 d5 2.g3 c6 3.Bg2 Bg4 4.c4 e6 5.Qb3 Qb6 6.Qc2 Nd7 7.b3 Ngf6 8.O-O Be7
9.d3 O-O 10.h3 Bxf3 11.Bxf3 a5 12.Nc3 d4 13.Na4 Qa7 14.a3 Rfc8 15.Bd2 b5
16.Nb2 Qb8 17.b4 axb4 18.axb4 Rxa1 19.Rxa1 bxc4 20.Nxc4 Bxb4 21.Rb1 c5 22.Bxb4 cxb4
23.Qa4 Ne5 24.Nxe5 Qxe5 25.Rxb4 Rd8 26.Qa7 h5 27.Rb7 Rf8 28.h4 g6 29.Kf1 Qd6
30.Rc7 Kg7 31.Bg2 Qe5 32.Bh3 Qd5 33.Kg1 Qe5 34.Re7 Ng4 35.Bxg4 hxg4 36.Rd7 Qxe2
37.Qxd4+ Kg8 38.Qf6 Qe1+ 39.Kg2 Qa5 40.d4 Qb5 41.Rc7 Qd5+ 42.Kg1 Qf5 43.Qxf5  1/2-1/2

[Event "34th Open"]
[Site "Sitges ESP"]
[Date "2008.07.27"]
[Round "6"]
[White "Movsziszian,K"]
[Black "Jovanic,O"]
[Result "1/2-1/2"]
[WhiteElo "2560"]
[BlackElo "2493"]

1.g3 d5 2.Nf3 c5 3.Bg2 Nc6 4.c4 d4 5.O-O e5 6.d3 Nf6 7.e3 Be7 8.exd4 exd4
9.Re1 O-O 10.Ne5 Nxe5 11.Rxe5 Bd6 12.Re1 h6 13.Na3 a6 14.Bd2 Bg4 15.Qc1 Rb8
16.Bf4 Bf5 17.Bxd6 Qxd6 18.Qd2 b5 19.b3 Bd7 20.Rac1 b4 21.Nc2 a5 22.h3 a4
23.bxa4 Bxa4 24.Na1 Rfe8 25.Nb3 Qc7 26.Rxe8+ Rxe8 27.Re1 Rxe1+ 28.Qxe1 Bxb3
29.axb3 g5 30.Qe2 Kg7 31.Bf3 Qd6 32.Kg2 Qe6 33.Qd1 Qf5 34.Qe2 Qe6 35.Qd1 Qe5
36.Kf1 Kg6 37.Kg2 h5 38.Qd2 h4 39.Qc1 Nh7 40.Qa1 hxg3 41.fxg3 f5 42.Qa8 Nf6
43.g4 Qe3 44.gxf5+ Kxf5 45.Be4+ Nxe4 46.Qc8+ Kf4 47.Qf8+ Ke5 48.Qe8+ Kf6  1/2-1/2

[Event "41st Festival MTO"]
[Site "Biel SUI"]
[Date "2008.07.28"]
[Round "7"]
[White "Weindl,A"]
[Black "Al Sayed,Mohamad"]
[Result "1/2-1/2"]
[WhiteElo "2352"]
[BlackElo "2470"]

1.Nf3 d5 2.g3 Nf6 3.Bg2 Bg4 4.c4 c6 5.cxd5 Bxf3 6.Bxf3 cxd5 7.O-O Nc6 8.d3 e6
9.Bg2 Be7 10.Nc3 O-O 11.e4 d4 12.Nb1 Rc8 13.Qe2 Qb6 14.Bg5 Nd7 15.Bxe7 Nxe7
16.Na3 Nc5 17.Nc4 Qa6 18.e5 Nf5 19.Rfc1 Na4 20.g4 Nh4 21.Nd6 Rxc1+ 22.Rxc1 Nxg2
23.Kxg2 Qa5 24.Qe4 Qd2 25.Rc7 Nxb2 26.Qxb7 Nxd3 27.Rxf7 Nf4+ 28.Kf3 Qe2+
29.Kg3 Nh5+ 30.gxh5 Qxe5+ 31.f4 Qe3+ 32.Kg2 Qe2+ 33.Kg3 Qe3+  1/2-1/2

[Event "Dutch Open"]
[Site "Dieren NED"]
[Date "2008.07.28"]
[Round "6"]
[White "Hartoch,R"]
[Black "Boel,M"]
[Result "1/2-1/2"]
[WhiteElo "2224"]
[BlackElo "2184"]

1.Nf3 d5 2.g3 c6 3.Bg2 Bg4 4.O-O Nd7 5.d3 Ngf6 6.c4 dxc4 7.dxc4 Bxf3 8.exf3 e6
9.Nc3 Be7 10.Qe2 O-O 11.b3 Qa5  1/2-1/2

[Event "2nd Dragana Vjestice Mem"]
[Site "Banja Luka BIH"]
[Date "2008.07.29"]
[Round "8"]
[White "Narancic,V"]
[Black "Milekic,D"]
[Result "1-0"]
[WhiteElo "2362"]
[BlackElo "2155"]

1.Nf3 d5 2.g3 c6 3.Bg2 Nf6 4.O-O Bf5 5.d3 e6 6.c3 h6 7.Nbd2 Be7 8.Re1 O-O
9.Qc2 Bh7 10.b3 c5 11.a3 Nc6 12.Bb2 b5 13.c4 a6 14.e4 bxc4 15.bxc4 d4 16.Reb1 Qc7
17.Bc1 Nd7 18.Ne1 g5 19.Ra2 Rab8 20.Nb3 f5 21.exf5 Bxf5 22.Qe2 Nce5 23.h3 Rf6
24.Rab2 Bg6 25.Nd2 Rbf8 26.Ne4 Bxe4 27.Qxe4 Qd6 28.Re2 Bd8 29.Rb7 Ba5 30.f4 Nf7
31.Nf3 Bc7 32.Ne5 Ndxe5 33.fxe5 Qxe5 34.Qxe5 Bxe5 35.Rxf7 R6xf7 36.Rxe5 Rb8
37.Rxe6 Rb1 38.Re1 Kf8 39.h4 Re7 40.Be4  1-0

[Event "41st Festival MTO"]
[Site "Biel SUI"]
[Date "2008.07.29"]
[Round "8"]
[White "Hausrath,D"]
[Black "Avrukh,B"]
[Result "0-1"]
[WhiteElo "2491"]
[BlackElo "2656"]

1.Nf3 d5 2.g3 Bg4 3.Bg2 Nd7 4.d4 e6 5.O-O Ngf6 6.Nbd2 Be7 7.Re1 O-O 8.e4 c6
9.c3 Bh5 10.Qb3 Rb8 11.a4 Bg6 12.exd5 cxd5 13.a5 Qc7 14.Nh4 Bd3 15.Bf1 Bxf1
16.Nxf1 Bd6 17.Ng2 h6 18.Bf4 Ne4 19.Nd2 Nxd2 20.Bxd2 b5 21.Qd1 b4 22.cxb4 Rb5
23.Nf4 Bxb4 24.Qe2 Bxd2 25.Qxd2 Rfb8 26.Rec1 Qb7 27.Nd3 Rb3 28.Rc3 Rxc3 29.bxc3 Qb3
30.Nb4 Rc8 31.Rc1 Qa3 32.a6 Nb6 33.Rc2 Na4 34.Qf4 Qb3 35.Qd6 Nxc3 36.Qd7 Rc4
37.Nc6 Rxc6 38.Qxc6 Qxc2 39.Qa8+ Kh7 40.Qxa7 Qb1+ 41.Kg2 Qe4+ 42.Kg1 Ne2+  0-1

[Event "Sun Pawn B"]
[Site "Illichevsk UKR"]
[Date "2008.07.29"]
[Round "9"]
[White "Puchkov,A"]
[Black "Razin,V"]
[Result "0-1"]
[WhiteElo "2267"]
[BlackElo "2288"]

1.Nf3 d5 2.g3 Nf6 3.Bg2 c6 4.d4 Bf5 5.O-O e6 6.Nbd2 h6 7.c4 Bd6 8.b3 O-O
9.Bb2 Nbd7 10.Re1 Bc7 11.Nh4 Bh7 12.e3 Ne4 13.Nxe4 dxe4 14.Bf1 Nf6 15.b4 g5
16.Ng2 h5 17.Be2 h4 18.Rf1 Bf5 19.Rc1 Kg7 20.Qc2 Rh8 21.d5 hxg3 22.hxg3 Rh6
23.Qc3 Qh8 24.f4 exf3 25.Rxf3 e5 26.Nh4 Be4 27.d6 Bxd6 28.Rf2 gxh4 29.g4 Rg6
30.Kh2 Nxg4+ 31.Bxg4 Rxg4 32.Rd1 f5 33.c5 Bc7 34.b5 h3  0-1

[Event "13th Pannonia Cup"]
[Site "Balatonalmadi HUN"]
[Date "2008.07.30"]
[Round "1"]
[White "Kovacs,E"]
[Black "Kovacs,Iv"]
[Result "1-0"]
[WhiteElo "2231"]
[BlackElo "1789"]

1.Nf3 d5 2.g3 Nf6 3.Bg2 g6 4.c4 c6 5.d4 Bg7 6.cxd5 cxd5 7.O-O O-O 8.Ne5 e6
9.Nc3 a6 10.Be3 Nbd7 11.Nf3 Nb6 12.b3 Bd7 13.Rc1 Rc8 14.Ne5 Be8 15.f4 Nbd7
16.Kh1 Kh8 17.Bg1 Ng8 18.e4 Nxe5 19.dxe5 Ne7 20.b4 Bc6 21.Bc5 Re8 22.Rf2 Bf8
23.Rd2 b6 24.Bf2 Ba8 25.a3 Qc7 26.Qg1 b5 27.Rdd1 Qd7 28.Bc5 Ng8 29.exd5 Bxc5
30.bxc5 exd5 31.Qd4 Qe6 32.a4 bxa4 33.Nxa4 Rcd8 34.c6 Ne7 35.c7 Rc8 36.Nb6 Nc6
37.Qxd5 Rxc7 38.Qxe6 fxe6 39.Nxa8 Rxa8 40.Rxc6 Rxc6 41.Bxc6  1-0

[Event "Baltic Sea Cup"]
[Site "Bornholm DEN"]
[Date "2008.07.30"]
[Round "3"]
[White "Roiz,M"]
[Black "Kogan,Ar"]
[Result "1/2-1/2"]
[WhiteElo "2680"]
[BlackElo "2569"]

1.Nf3 d5 2.g3 c6 3.Bg2 Bg4 4.c4 e6 5.Qb3 Qb6 6.Qc2 Nd7 7.b3 Be7 8.O-O Bf6
9.Nc3 Ne7 10.Bb2 O-O 11.d3 Rac8 12.Rac1 c5 13.h3 Bxf3 14.Bxf3 Bxc3 15.Bxc3 d4
16.Bd2 f5 17.b4 Qc7 18.Rb1 Ng6 19.bxc5 Nxc5 20.Bb4 b6 21.Bxc5 Qxc5 22.Qa4 Rc7
23.Rb5 Qd6 24.Rfb1 Ne5 25.Qb4 Qxb4 26.R1xb4 Nxf3+ 27.exf3 Rfc8 28.a4 Rc5
29.f4 Kf7 30.Kf1 Ke7 31.Ke2 Kd6 32.Kd2 e5 33.fxe5+ Kxe5 34.Rb1 g5 35.Re1+ Kd6
36.Ke2 Re8+ 37.Kd2 Rxb5 38.axb5 Re5 39.g4  1/2-1/2

[Event "Dutch Open"]
[Site "Dieren NED"]
[Date "2008.07.30"]
[Round "8"]
[White "Wohl,A"]
[Black "De Groote,E"]
[Result "1-0"]
[WhiteElo "2384"]
[BlackElo "2251"]

1.g3 d5 2.Nf3 Nf6 3.Bg2 c6 4.O-O Bf5 5.d3 e6 6.Nbd2 Be7 7.c4 h6 8.Qb3 Qb6
9.Qxb6 axb6 10.cxd5 exd5 11.Nd4 Bd7 12.N2f3 c5 13.Nc2 Nc6 14.Bd2 O-O 15.Rfb1 Ra7
16.b4 Rfa8 17.b5 Nb8 18.a3 Be6 19.Ne5 Nbd7 20.Bc3 d4 21.Nxd7 Bxd7 22.Bd2 Be6
23.Kf1 Nd5 24.Ke1 f5 25.Bxd5 Bxd5 26.Bf4 Kf7 27.Kd2 Bd8 28.Be5 g5 29.f4 Ke6
30.Rb2 Bf6 31.Bxf6 Kxf6 32.Re1 gxf4 33.gxf4 Rg8 34.e3 Rg2+ 35.Kc1 Rxh2 36.exd4 Rh1
37.Rxh1 Bxh1 38.dxc5 bxc5 39.Ne3 h5 40.Nc4 Bd5 41.Nb6 Rxa3 42.Nxd5+ Ke6 43.Nb6 Rxd3
44.Re2+ Kd6 45.Re5 Rd4 46.Rxf5 h4 47.Kc2 h3 48.Kc3 h2 49.Rh5 Rxf4 50.Rh6+ Ke5
51.Rxh2 Rf1 52.Rh5+  1-0

[Event "13th Open"]
[Site "Creon FRA"]
[Date "2008.07.31"]
[Round "6"]
[White "Ippolito,M"]
[Black "Sanduleac,V"]
[Result "1/2-1/2"]
[WhiteElo "2272"]
[BlackElo "2466"]

1.Nf3 d5 2.g3 c6 3.Bg2 Bg4 4.b3 Nd7 5.Bb2 Ngf6 6.d3 e6 7.Nbd2 Bxf3 8.Bxf3 Bd6
9.O-O h5 10.e4 h4 11.exd5 cxd5 12.c4 Kf8 13.Re1 Qc7 14.Qe2 Re8 15.Rac1 Qb6
16.Kg2 Bc5 17.Nb1 hxg3 18.fxg3 Bb4 19.Rf1 a5 20.Nc3 dxc4  1/2-1/2

[Event "8th United Insurance"]
[Site "Dhaka BAN"]
[Date "2008.07.31"]
[Round "2"]
[White "Ahmed,Mah"]
[Black "Monir,A"]
[Result "0-1"]
[WhiteElo "2184"]
[BlackElo "2172"]

1.Nf3 d5 2.g3 Nc6 3.d3 e5 4.Nbd2 Be6 5.e4 d4 6.Bg2 f6 7.a3 Qd7 8.h3 O-O-O
9.b4 g5 10.Bb2 Nge7 11.h4 Bg4 12.hxg5 fxg5 13.Qb1 Ng6 14.Nxg5 h6 15.Nh3 Kb8
16.f3 Be6 17.Qd1 Rg8 18.Qe2 Be7 19.Nf1 Rdf8 20.Bc1 Rh8 21.Bd2 a6 22.Nf2 h5
23.Nh3 Na7 24.Ng5 Bg8 25.Bh3 Qa4 26.Bf5 Rf6 27.Kf2 Nb5 28.Nh2 Rc6 29.Nh3 Bf7
30.Rhc1 Rg8 31.Bg5 Bxg5 32.Nxg5 h4 33.Nxf7 hxg3+ 34.Kg1 Nf4 35.Qf1 gxh2+
36.Kxh2 Rf6 37.Bg4 Rxf7  0-1

[Event "17th Open"]
[Site "Kavala GRE"]
[Date "2008.07.31"]
[Round "1"]
[White "Aggelis,N"]
[Black "Svetushkin,D"]
[Result "0-1"]
[WhiteElo "2271"]
[BlackElo "2587"]

1.Nf3 d5 2.g3 Nf6 3.Bg2 c6 4.O-O Bg4 5.b3 Nbd7 6.Bb2 e6 7.d3 Bd6 8.Nbd2 O-O
9.Qe1 e5 10.e4 Re8 11.h3 Bh5 12.Qe2 a5 13.a4 Qc7 14.Rfe1 dxe4 15.dxe4 Nc5
16.Ba3 Bf8 17.Qe3 Nfd7 18.Bf1 Rad8 19.Nh4 Ne6 20.Bxf8 Ndxf8 21.c3 Nd7 22.Ndf3 f6
23.Bc4 Bf7 24.Nf5 Ndc5 25.b4 Nd7 26.Red1 Nb6 27.Bb3 Ng5 28.Bxf7+ Nxf7 29.Rxd8 Rxd8
30.Qc5 g6 31.Ne3 Nd7 32.Qc4 Kg7 33.Rd1 Nd6 34.Qd3 Nb6 35.Qc2 Ra8 36.Ra1 Qf7
37.Nd2 axb4 38.cxb4 Nb5 39.a5 Nd4 40.Qd3 Nd7 41.Nc2 Nxc2 42.Qxc2 Nf8 43.Nb3 Ne6
44.Rd1 h5 45.Rd6 h4 46.Qd3 Re8 47.a6 bxa6 48.Rxc6 hxg3 49.fxg3 Rd8 50.Rd6 Rxd6
51.Qxd6 Ng5 52.Nc5 Nxh3+ 53.Kg2 Ng5 54.Qxa6 f5 55.Qa1 Kh7 56.Qh1+ Kg8 57.Qd1 Nxe4
58.Nxe4 fxe4 59.Qe2 Qd5 60.Kf2 Qd4+ 61.Qe3 Qxb4 62.Qg5 Qd6 63.Qc1 Kg7 64.Qc8 Qf6+
65.Ke1 e3 66.Qd7+ Qf7  0-1

[Event "8th United Insurance"]
[Site "Dhaka BAN"]
[Date "2008.08.01"]
[Round "4"]
[White "Anisuzzaman,J"]
[Black "Monir,A"]
[Result "1-0"]
[WhiteElo "2153"]
[BlackElo "2172"]

1.Nf3 d5 2.g3 Nc6 3.Bg2 e5 4.d3 Bd6 5.Nc3 Nge7 6.e4 d4 7.Nb5 f6 8.a4 Be6
9.O-O Qd7 10.Nh4 g5 11.Nf3 h5 12.h4 gxh4 13.Nxh4 O-O-O 14.Nxd6+ Qxd6 15.Bd2 Qd7
16.b4 Rdg8 17.b5 Nd8 18.a5 Qxb5 19.Rb1 Qd7 20.c3 dxc3 21.Bxc3 Ng6 22.Nf5 h4
23.g4 Nf4 24.Bf3 Bxf5 25.exf5 Qxd3 26.Qxd3 Nxd3 27.Kh2 c6 28.Rbd1 Nc5 29.Rd6 Rf8
30.Rfd1 Nf7 31.Rxf6 Ng5 32.Rxf8+ Rxf8 33.Be2 Nd7 34.Bd2 Ne4 35.Be3 Nc3 36.Rd2 Nxe2
37.Rxe2 b6 38.Kh3 c5 39.Kxh4 c4 40.Rc2 b5 41.Bxa7 Kb7 42.Be3 Ka6 43.Bd2 Nc5
44.Bb4 Rh8+ 45.Kg3 Ne4+ 46.Kf3 Ng5+ 47.Kg2 e4 48.Rd2 Rh3 49.Re2 Rh4 50.Kg3 Rh3+
51.Kf4 Rb3 52.Kxg5 Rxb4 53.f6 Rb3 54.f4 Rd3 55.f7 Rd8 56.Rxe4 Rf8 57.Kg6 c3
58.Re8 Rxf7 59.Kxf7 b4 60.Rc8 Kxa5 61.g5 Ka4 62.g6 b3 63.Rxc3 b2 64.Rc8  1-0

[Event "17th Open"]
[Site "Martigny SUI"]
[Date "2008.08.01"]
[Round "1"]
[White "Arend,M"]
[Black "Barsov,A"]
[Result "0-1"]
[WhiteElo "1870"]
[BlackElo "2481"]

1.Nf3 d5 2.g3 Bg4 3.Bg2 e6 4.d3 Bd6 5.O-O Ne7 6.Nbd2 O-O 7.e4 c6 8.Qe1 a5
9.a4 Na6 10.e5 Bc7 11.c3 c5 12.d4 cxd4 13.Nxd4 Nc6 14.Nxc6 bxc6 15.b4 axb4
16.Nb3 Qb8 17.f4 c5 18.c4 dxc4 19.Bxa8 Qxa8 20.Nxc5 Nxc5 21.Qxb4 Bh3 22.Ra2 Nd3  0-1

[Event "GM Valoz Cup"]
[Site "Olomouc CZE"]
[Date "2008.08.01"]
[Round "3"]
[White "Danielsen,Hen"]
[Black "Smith,Ax"]
[Result "1-0"]
[WhiteElo "2526"]
[BlackElo "2427"]

1.Nf3 d5 2.g3 Bg4 3.Bg2 Nd7 4.c4 e6 5.cxd5 exd5 6.O-O Ngf6 7.d3 Bc5 8.Qc2 O-O
9.e4 Re8 10.Nc3 c6 11.Bf4 Bb6 12.Rae1 dxe4 13.dxe4 Bc7 14.Bc1 Qe7 15.h3 Bxf3
16.Bxf3 Rad8 17.Bg2 Nc5 18.f4 Nd3 19.Rd1 Nxc1 20.Qxc1 Nh5 21.Ne2 g5 22.Bf3 Nf6
23.e5 Nd5 24.Kh2 gxf4 25.gxf4 Kh8 26.Bxd5 cxd5 27.Rd3 f6 28.Nc3 d4 29.Ne4 fxe5
30.f5 Qh4 31.Qe1 Qxe1 32.Rxe1 Kg7 33.Kg2 Rf8 34.Rf1 Rc8 35.Rg3+ Kh6 36.f6 Rg8
37.Rc1 Rxg3+ 38.Nxg3 e4 39.Nxe4 Rg8+ 40.Kf3 Bb8 41.Rc5 Rd8 42.Rf5 d3 43.f7 Rf8
44.Nc5 Kg6 45.Nd7 Kxf5 46.Nxf8 d2 47.Ke2 Kf6 48.Nd7+ Kxf7 49.Nxb8 Ke6 50.Kxd2 Kd6
51.Ke3 Kc7 52.Kf4 Kxb8 53.Kg5 Kc7 54.Kh6  1-0

[Event "8th United Insurance"]
[Site "Dhaka BAN"]
[Date "2008.08.02"]
[Round "5"]
[White "Hossain,Mon"]
[Black "Mohammad,J"]
[Result "0-1"]
[WhiteElo "2193"]
[BlackElo "2264"]

1.Nf3 d5 2.g3 c6 3.Bg2 Bg4 4.d3 Nd7 5.O-O Ngf6 6.Nbd2 e5 7.e4 dxe4 8.dxe4 Bb4
9.h3 Bh5 10.Re1 Qc7 11.Qe2 O-O 12.Qc4 a5 13.c3 b5 14.Qe2 Be7 15.Qf1 Rfd8
16.Nh4 Nc5 17.Nf5 Nd3 18.Nxe7+ Qxe7 19.Re3 Nxb2 20.g4 Bg6 21.Qe2 Qd6 22.h4 h5
23.g5 Ng4 24.Rf3 Na4 25.Rg3 f5 26.gxf6 Qxf6 27.Nf1 Qxh4 28.f3 Nxc3 29.Qc2 Rd1
30.Rh3 Qe1 31.fxg4 Rf8 32.Qb3+ Kh8 33.Bf4 Ne2+ 34.Kh2 Rxa1 35.gxh5 Bh7 36.Bd2 Qd1
37.Qxd1 Rxd1 38.Re3 Nd4 39.Bxa5 Rdxf1 40.Bxf1 Rxf1 41.Bc7 Rf7 42.Bb8 Rf8
43.Bc7 Re8 44.Kg3 c5 45.Kh4 c4 46.a3 Nc2 47.Rg3 Bxe4 48.Rg5 Nd4  0-1

[Event "IMD Prima Pack Cup"]
[Site "Olomouc CZE"]
[Date "2008.08.02"]
[Round "5"]
[White "Jurek,J"]
[Black "Jurcik,Mari"]
[Result "1/2-1/2"]
[WhiteElo "2368"]
[BlackElo "2378"]

1.Nf3 d5 2.g3 Bg4 3.Bg2 c6 4.O-O Nd7 5.d3 Ngf6 6.Qe1 e5 7.e4 dxe4 8.dxe4 Bc5
9.b4 Bb6 10.Nbd2 Qe7 11.Nc4 Bc7 12.a4 Be6 13.Nfd2  1/2-1/2

[Event "Najdorf Memorial Open"]
[Site "Warsaw POL"]
[Date "2008.08.02"]
[Round "1"]
[White "Zickus,S"]
[Black "Rafa,R"]
[Result "1-0"]
[WhiteElo "2269"]
[BlackElo "2033"]

1.Nf3 d5 2.g3 Nf6 3.Bg2 g6 4.O-O Bg7 5.d4 O-O 6.c4 dxc4 7.Na3 c6 8.Nxc4 Nbd7
9.Re1 Nb6 10.Nce5 Nfd7 11.Nd3 Nf6 12.e4 Bg4 13.Nde5 Bxf3 14.Nxf3 e6 15.a4 Rc8
16.Qb3 Qd7 17.a5 Na8 18.Ra4 Ne8 19.Bh3 Nd6 20.d5 Nc7 21.e5 Ndb5 22.dxe6 Nxe6
23.Be3 Qd5 24.Qxd5 cxd5 25.Rb4 a6 26.Rc1 d4 27.Nxd4 Nexd4 28.Rxd4  1-0

[Event "WCh-Junior Girls"]
[Site "Gaziantep TUR"]
[Date "2008.08.03"]
[Round "1"]
[White "Gomes,Mary"]
[Black "Eric,J"]
[Result "1-0"]
[WhiteElo "2316"]
[BlackElo "2111"]

1.Nf3 d5 2.g3 g6 3.Bg2 Bg7 4.O-O e5 5.d3 Ne7 6.Nbd2 O-O 7.e4 c6 8.Re1 d4
9.a4 Qc7 10.a5 c5 11.Nc4 Nbc6 12.Nh4 Be6 13.Bd2 b5 14.axb6 axb6 15.f4 b5
16.Nxe5 Nxe5 17.fxe5 Bxe5 18.Nf3 Bg4 19.Bh6 Bg7 20.Bf4 Qd7 21.Qd2 Nc6 22.Kh1 Bxf3
23.Bxf3 Ne5 24.Bg2 c4 25.Qb4 h5 26.Bxe5 Bxe5 27.dxc4 h4 28.Qxb5 Qxb5 29.cxb5 hxg3
30.hxg3 Bxg3 31.Red1 Kg7 32.Bf1 Rac8 33.Bd3 Rc5 34.Kg2 Bf4 35.Kf3 Be3 36.Rh1 Rb8
37.c4 Rb6 38.Ra6 Rb8 39.b4 Rg5 40.c5 Bd2 41.c6 f5 42.c7 fxe4+ 43.Bxe4 Rf8+
44.Ke2 Bxb4 45.Rc1 Bc3 46.Ra8 Rxa8 47.Bxa8 Re5+ 48.Kd3 Rc5 49.b6  1-0

[Event "WCh-Junior"]
[Site "Gaziantep TUR"]
[Date "2008.08.03"]
[Round "1"]
[White "Lenic,L"]
[Black "Kulakov,V"]
[Result "1-0"]
[WhiteElo "2584"]
[BlackElo "2360"]

1.Nf3 d5 2.g3 Nf6 3.Bg2 b6 4.c4 e6 5.d4 Bb7 6.Ne5 Nbd7 7.Qa4 c5 8.Bg5 Be7
9.cxd5 Nxd5 10.Bxe7 Kxe7 11.Nd2 Nxe5 12.dxe5 Qc7 13.Qh4+ f6 14.Nc4 h5 15.Qe4 g5
16.exf6+ Kxf6 17.O-O b5 18.Nd2 Rad8 19.Qc2 Nb4 20.Qc3+ Kf7 21.Bxb7 Qxb7 22.Nf3 Qd5
23.e4 Qd3 24.Ne5+  1-0

[Event "12th HZ Open"]
[Site "Vlissingen NED"]
[Date "2008.08.03"]
[Round "3"]
[White "Van Eijndhoven,E"]
[Black "Maas,J"]
[Result "1/2-1/2"]
[WhiteElo "2139"]
[BlackElo "1714"]

1.Nf3 d5 2.g3 e6 3.Bg2 Nf6 4.O-O Be7 5.d3 O-O 6.Nbd2 Nbd7 7.e4 dxe4 8.dxe4 c6
9.b3 Qc7 10.Bb2 Rd8 11.Qe2 b6 12.e5 Ne8 13.Rfd1 Bb7 14.Ne4 h6 15.Qe3 c5 16.c4 Nf8
17.h4 Rxd1+ 18.Rxd1 Rd8 19.Rd3 Rxd3 20.Qxd3 Bc6 21.Nfd2 Ng6 22.f4 Nf8 23.Bf3 Qd7
24.Qxd7 Bxd7 25.Kf2 f5 26.exf6 Nxf6 27.Be5 Nxe4+ 28.Nxe4 Bd8 29.h5 Nh7 30.Ke3 Nf6
31.Nd6 Ne8 32.a3 Bc7 33.Ne4 Bxe5 34.fxe5 Kf7 35.b4 cxb4 36.axb4 Ke7 37.c5 bxc5
38.Nxc5 Nc7 39.Kd4 Bb5 40.Ne4 Bc6 41.Kc5  1/2-1/2

[Event "Timisoara Cup GM"]
[Site "Timisoara ROM"]
[Date "2008.08.04"]
[Round "3"]
[White "Kovacevic,Bl"]
[Black "Chirila,I"]
[Result "1-0"]
[WhiteElo "2473"]
[BlackElo "2425"]

1.Nf3 d5 2.g3 Bg4 3.Bg2 Nd7 4.c4 e6 5.cxd5 exd5 6.O-O c6 7.d3 Ngf6 8.h3 Bxf3
9.Bxf3 Bd6 10.Bg2 O-O 11.e3 Re8 12.Nc3 Nc5 13.Ne2 Ne6 14.Qc2 Qd7 15.b3 Be5
16.Rb1 h5 17.Kh1 Rad8 18.Ng1 Bc7 19.Nf3 Nh7 20.Bd2 Neg5 21.Ng1 Nf6 22.f4 Ne6
23.Nf3 Nf8 24.Rbe1 Ng6 25.Bc3 Nh7 26.Qb2 f6 27.b4 Re7 28.Nd4 Bb6 29.Qe2 h4
30.Qh5 Qe8 31.Nf5 Re6 32.e4 d4 33.Bd2 hxg3 34.Qg4 Nhf8 35.h4 Rd7 36.Rf3 Nh8
37.Rxg3 Qg6 38.Qxg6 Nhxg6 39.h5 Nh8 40.Bh3  1-0

[Event "5th Open"]
[Site "Kalamaria GRE"]
[Date "2008.08.05"]
[Round "4"]
[White "Dalaklis,G"]
[Black "Stocek,J"]
[Result "0-1"]
[WhiteElo "2186"]
[BlackElo "2559"]

1.g3 d5 2.Nf3 Nc6 3.Bg2 e5 4.d3 Nf6 5.O-O Be7 6.c3 Bf5 7.Nbd2 e4 8.dxe4 dxe4
9.Nh4 Bd7 10.Nxe4 Nxe4 11.Bxe4 Bxh4 12.gxh4 Qxh4 13.Qa4 Qg4+ 14.Kh1 f5 15.Bc2 Qxe2
16.Bg5 Ne5 17.Rae1 Qf3+ 18.Kg1 Bxa4 19.Rxe5+ Kf7 20.Rxf5+ Qxf5 21.Bxf5 Rhe8
22.Bd3 Bd7 23.f3 h6 24.Bf4 c5 25.Kf2 Be6 26.Rg1 g5 27.Be3 Rad8 28.Bb1 Rg8
29.b3 b6 30.Bh7 Rg7 31.Be4 Kf6 32.c4 Bf5 33.Bd5 Re8 34.Re1 Rge7 35.Bc6 Rd8
36.Bd5 a5 37.Rg1 Rde8 38.Re1 Re5 39.Bc6 R8e7 40.Bd5 Bb1 41.Rxb1 Rxe3 42.Be4 Rc3
43.Rd1 g4 44.Rd6+ Re6  0-1

[Event "Timisoara Cup GM"]
[Site "Timisoara ROM"]
[Date "2008.08.05"]
[Round "5"]
[White "Kovacevic,Bl"]
[Black "Varga,Zo"]
[Result "0-1"]
[WhiteElo "2473"]
[BlackElo "2479"]

1.Nf3 d5 2.g3 c6 3.Bg2 Nf6 4.O-O Bg4 5.c4 e6 6.cxd5 exd5 7.d3 Be7 8.h3 Bxf3
9.Bxf3 O-O 10.e3 Re8 11.Bg2 Na6 12.Nd2 Qb6 13.Nf3 Nc5 14.Qc2 a5 15.Rd1 a4
16.Bd2 Nfd7 17.Bc3 Bf6 18.h4 Ne6 19.Bh3 c5 20.d4 cxd4 21.Bxd4 Nxd4 22.Nxd4 Nc5
23.Rac1 Ne6 24.Nxe6 fxe6 25.Qc7 Qxb2 26.Qd7 Kh8 27.Rc7 Qxa2 28.Bxe6 a3 29.Rdc1 Rad8
30.Rc8 Rf8 31.Qd6 Be7 32.Qxe7 Qxf2+ 33.Kh1 Rxc8 34.Bxc8 a2 35.Be6 Ra8 36.Bc8 h6
37.Qe8+ Kh7 38.Bf5+ Qxf5 39.Qxa8 Qh3+ 40.Kg1 Qxg3+ 41.Kf1 Qf3+ 42.Ke1 Qxe3+
43.Kd1 Qb3+ 44.Ke1 d4 45.Qe8 Qb1 46.Ke2 a1=Q  0-1

[Event "12th HZ Open"]
[Site "Vlissingen NED"]
[Date "2008.08.05"]
[Round "5"]
[White "Akesson,R"]
[Black "Afek,Y"]
[Result "1-0"]
[WhiteElo "2481"]
[BlackElo "2321"]

1.Nf3 d5 2.g3 c5 3.Bg2 Nf6 4.O-O g6 5.c4 Bg7 6.Qa4+ Qd7 7.Qxd7+ Nbxd7 8.cxd5 Nxd5
9.Nc3 N7b6 10.a4 Nxc3 11.bxc3 a5 12.d4 Bd7 13.Ne5 Bxe5 14.dxe5 Ra7 15.Bh6 Nxa4
16.c4 Nc3 17.Rfe1 b5 18.e6 Bxe6 19.cxb5 Nd5 20.Rec1 f6 21.Rxc5  1-0